Analysis and tendencies of the evolution of the Slovak insurance market

Saved in:
Bibliographic Details
Main Author: Majtánová, Anna
Other Authors: Krátka, Zuzana, 1968-, Palacková, Dana
Format: Book Chapter
Language:English
Tags: Add Tag
No Tags, Be the first to tag this record!

MARC

LEADER 00000nla$a2200000$$$4500
001 0061762
005 20240502083148.5
041 0 |a eng 
044 |a PL 
245 1 0 |a Analysis and tendencies of the evolution of the Slovak insurance market  |c Anna Majtánová, Zuzana Krátka, Dana Palacková 
100 1 |a Majtánová, Anna 
700 1 |a Krátka, Zuzana, 1968- 
700 1 |a Palacková, Dana